Normal view
MARC view
- Dela Peña, Lovely Joy G.
Entry Personal Name
001 - CONTROL NUMBER
- control field: 41435
003 - CONTROL NUMBER IDENTIFIER
- control field: OSt
005 - DATE AND TIME OF LATEST TRANSACTION
- control field: 20200131135334.0
008 - FIXED-LENGTH DATA ELEMENTS
- fixed length control field: 200131|| aca||aabn | a|a d
040 ## - CATALOGING SOURCE
- Original cataloging agency: OSt
- Transcribing agency: OSt
100 ## - HEADING--PERSONAL NAME
- Personal name: Dela Peña, Lovely Joy G.
670 ## - SOURCE DATA FOUND
- Source citation: Work cat.: (OSt): Carbajosa, Cluie Myca B. 41433, CBA Website/, March 2014
